Welcome to CU Library Online Public Access Catalogue (OPAC)

Ghana Deposit Protection Act, 2016 (Record no. 1364)

MARC details
000 -LEADER
fixed length control field 00398nam a22001337a 4500
005 - DATE AND TIME OF LATEST TRANSACTION
control field 20241120125520.0
008 - FIXED-LENGTH DATA ELEMENTS--GENERAL INFORMATION
fixed length control field 241120b |||||||| |||| 00| 0 eng d
110 ## - MAIN ENTRY--CORPORATE NAME
Corporate name or jurisdiction name as entry element Republic of Ghana
245 ## - TITLE STATEMENT
Title Ghana Deposit Protection Act, 2016
Remainder of title ACT, 931
Statement of responsibility, etc. Republic of Ghana
260 ## - PUBLICATION, DISTRIBUTION, ETC.
Place of publication, distribution, etc. Accra, Ghana
Name of publisher, distributor, etc. Ghana Publishing Co. Ltd.
Date of publication, distribution, etc. 2016
300 ## - PHYSICAL DESCRIPTION
Extent 30 pages
Dimensions 24 cm
650 ## - SUBJECT ADDED ENTRY--TOPICAL TERM
Source of heading or term Act
General subdivision Ghana
942 ## - ADDED ENTRY ELEMENTS (KOHA)
Source of classification or shelving scheme Library of Congress Classification
Koha item type Books
Suppress in OPAC No
999 ## -
-- 1364
-- 1364
Holdings
Withdrawn status Lost status Source of classification or shelving scheme Damaged status Not for loan Collection Home library Current library Shelving location Date acquired Total checkouts Full call number Barcode Date last seen Copy number Price effective from Koha item type
    Library of Congress Classification     Non-fiction Law Library (Christ Temple) Law Library (Christ Temple) Reference 06/26/2025   KRX893.A32016.G4 GHA LLCT00000790 06/26/2025 1 06/26/2025 Books
    Library of Congress Classification     Non-fiction Law Library (Christ Temple) Law Library (Christ Temple) Reference 06/26/2025   KRX893.A32016.G4 GHA LLCT00000791 06/26/2025 2 06/26/2025 Books
    Library of Congress Classification     Non-fiction Law Library (Christ Temple) Law Library (Christ Temple) Reference 06/26/2025   KRX893.A32016.G4 GHA LLCT00000810 06/30/2025 3 06/26/2025 Books
    Library of Congress Classification     Non-fiction Law Library (Miotso) Law Library (Miotso) Reference 11/20/2024   KRX893.A32016.G4 GHA LLM00001116 11/20/2024 1 11/20/2024 Books
    Library of Congress Classification     Non-fiction Law Library (Miotso) Law Library (Miotso) Reference 11/20/2024   KRX893.A32016.G4 GHA LLM00001118 11/20/2024 3 11/20/2024 Books
    Library of Congress Classification     Non-fiction Law Library (Miotso) Law Library (Miotso) Reference 11/20/2024   KRX893.A32016.G4 GHA LLM00001119 11/20/2024 4 11/20/2024 Books
    Library of Congress Classification     Non-fiction Law Library (Miotso) Law Library (Miotso) Reference 11/20/2024   KRX893.A32016.G4 GHA LLM00001117 11/20/2024 2 11/20/2024 Books
© 2023-2024 Copyright: Central University Libraries. All Rights Reserved | Created by: Mahone Tech Office